| 000 | 00400nam a2200157 a 4500 | ||
|---|---|---|---|
| 005 | 20140414131924.0 | ||
| 008 | 101026s19uu xx 00 eng d | ||
| 050 |
_aER _bSn6 1983 |
||
| 100 | _aCollins, Joan | ||
| 245 |
_aThe snow queen / _cretold by Joan Collins. |
||
| 260 |
_aLoughborough, UK : _bLadybird, _c1983. |
||
| 440 | _aWell-loved tales | ||
| 650 | _a | ||
| 650 | _a | ||
| 999 |
_c111899 _d111899 |
||